Die teuersten Fußballtransfers - Serbische Fußballspieler - Statistiken

Allgemein
  • Dieses Quiz wurde 37 mal gespielt
  • Das Durchschnittsergebnis liegt bei 7 aus 10
Antwortstatistiken
Ablöse (M €) Saison Abgebender Verein Aufnehmender Verein Spieler % Korrekt
83,50 2021-2022 AC Florenz Juventus Turin Dušan Vlahović
97%
52,60 2023-2024 FC Fulham Al-Hilal Aleksandar Mitrovic
94%
24,70 2018-2019 Newcastle United FC Fulham Aleksandar Mitrovic
94%
63,00 2019-2020 Eintracht Frankfurt Real Madrid Luka Jović
94%
40,00 2023-2024 Lazio Rom Al-Hilal Sergej Milinković-Savić
85%
44,70 2017-2018 FC Chelsea Manchester United Nemanja Matic
73%
25,00 2013-2014 Benfica FC Chelsea Nemanja Matic
73%
23,86 2010-2011 Lazio Rom Manchester City Aleksandar Kolarov
48%
25,00 2014-2015 Benfica FC Liverpool Lazar Markovic
33%
25,00 2000-2001 Saragossa AC Parma Savo Milošević
6%
Keine übereinstimmenden Quizze gefunden
Verteilung der Resultate
Anzahl Personen mit jedem Resultat
Perzentil nach korrekt beantworteten Fragen
Ihre Resultats-Entwicklung
Sie haben dieses Quiz noch nicht gespielt